| 000 | 00655nam a2200241Ia 4500 | ||
|---|---|---|---|
| 003 | OSt | ||
| 005 | 20220924114745.0 | ||
| 006 | a|||||r|||| 00| 0 | ||
| 007 | ta | ||
| 008 | 220923b |||||||| |||| 00| 0 ara d | ||
| 024 | _a306415 | ||
| 037 | _cTextual | ||
| 040 |
_aARTS _cARTS _bara |
||
| 041 |
_2ara _aara |
||
| 082 | _aO28,6:g, K0;P4 | ||
| 100 |
_aZaif Shauqi Au. _9175198 |
||
| 245 | 0 |
_aAl-funn-o-mazahibah _b Fi al-nasr-al-arabi |
|
| 260 |
_aCairo _bDar-al-ma'arif Egypt _c2004 |
||
| 300 |
_a399p. _ccm. |
||
| 650 | _aARABIC PROSE | ||
| 942 |
_hO28,6:g, K0;P4 _cTEXL _2CC |
||
| 999 |
_c395135 _d395135 |
||